Barcelona skład 20/21 - Statystyki

Ogólne statystyki
  • Ten quiz został rozwiązany 272 razy
  • Średni wynik to 16 z 27
Statystyki odpowiedzi
Pozycja Zawodnik % Poprawnych
Bramkarz Ter Stegen
97%
Napastnik Messi
93%
Obrońca Pique
87%
Obrońca Alba
86%
Pomocnik Pedri
81%
Pomocnik Busquets
79%
Pomocnik De Jong
78%
Bramkarz Neto
77%
Napastnik Dembele
75%
Obrońca Lenglet
73%
Obrońca Umtiti
71%
Obrońca Araujo
67%
Obrońca Roberto
64%
Napastnik Fati
62%
Napastnik Griezmann
62%
Obrońca Dest
61%
Bramkarz Pena
57%
Pomocnik Coutinho
51%
Napastnik Braithwaite
47%
Pomocnik Pjanic
41%
Obrońca Mingueza
40%
Obrońca Firpo
37%
Pomocnik Puig
36%
Napastnik Trincao
34%
Pomocnik Moriba
20%
Napastnik De La Fuente
7%
Pomocnik Fernandes
6%
Nie znaleziono quizów pasujących do podanych kryteriów
Rozkład punktacji
Procent ludzi z każdym wynikiem
Percentyl według liczby udzielonych odpowiedzi
Twoja historia wyników
Nie rozwiązałeś tego quizu